000 01223nam a22002537a 4500
005 20090727105442.0
008 090608t xxu||||| |||| 00| p hin d
010 _aHIN-87493
020 _a9788128812873
_c95.00
035 _aHN-59839
037 _bDBAD / PUB
040 _adpl
_bhn
082 _a821
100 _aमलिक, सुरेन्द्र 'गुमनाम'
245 _aमेरे कल का सवेरा /
_cसुरेन्द्र मलिक 'गुमनाम'
246 _bby Surendra Malik 'Gumnam'
_aMere kala kaa saveraa
260 _aनई दिल्ली
_bडयमंड पॉकेट बुक्स
_c2009
270 _aएक्स-30, ओखला इंडस्ट्रियल एरिया, फेज-2
_bनई दिल्ली
_e110020
_k011-41611861, 40712100
_l011-41611866
_msales@dpb.in
300 _a160पृ.
_c22सेमी (अजिल्द)
650 _aहिन्दी कविता
650 _aHindi poem
942 _2ddc
_cHN
_mमलिक
_h821
999 _c28688
_d28688